Modern management techniques: completely revised and enlarged includes all techniques /

Bibliographische Detailangaben
1. Verfasser: Goel, S. L.
Format: Buch
Sprache:English
Veröffentlicht: New Delhi : Deep & Deep Publications, ©2000.
Schlagworte:
Classic Catalogue: View this record in Classic Catalogue
LEADER 00795nam a22002297a 4500
001 AAL3106
003 BD-DhAAL
005 20160107173755.0
008 160107m19951987ii a|||| b||| 001 0 eng d
020 |a 8171002544 
040 |a BD-DhAAL  |c BD-DhAAL 
082 |a 658 
100 |a Goel, S. L.  |9 17244 
245 |a Modern management techniques:   |b completely revised and enlarged includes all techniques /  |c S. L. Goel 
260 |a New Delhi :  |b Deep & Deep Publications,  |c  ©2000. 
300 |a 621 p. :  |b ill. ;  |c 21 cm.  
504 |6 Includes bibliography and index. 
541 |e 3106 
650 |a Management.  |9 17245 
942 |2 ddc  |c BK 
999 |c 36564  |d 36564 
952 |0 0  |1 0  |2 ddc  |4 0  |6 658_000000000000000_GOE  |7 0  |9 57544  |a SCL  |b SCL  |c GEN  |d 2016-01-07  |l 0  |o 658 GOE  |p 3020003106  |r 2016-01-07  |t 1  |w 2016-01-07  |y BK